000 00425nam a2200193Ia 4500
001 13795
003 GE_BSU
008 181216s||||||||xx |||||||||||||| ||und||
040 _cGE_BSU
080 _a821.111-3
100 _aGavin,Catherine
245 _aHow Sleep the Brave
260 _aLondon
260 _bBook club Associates
260 _c1980
300 _a304p.20cm.
653 _aHow Sleep the Brave
942 _cBK
999 _c46942
_d46942